Normal view
MARC view
Entry Corporate Name
001 - CONTROL NUMBER
- control field: 556841
003 - CONTROL NUMBER IDENTIFIER
- control field: OSt
005 - DATE AND TIME OF LATEST TRANSACTION
- control field: 20220930094934.0
008 - FIXED-LENGTH DATA ELEMENTS
- fixed length control field: 220930|| aca||aabn | a|a d
040 ## - CATALOGING SOURCE
- Original cataloging agency: OSt
- Transcribing agency: OSt
110 ## - HEADING--CORPORATE NAME
- Corporate name or jurisdiction name as entry element: दिल्ली विश्वविद्यालय. कला संकाय. हिंदी विभाग
670 ## - SOURCE DATA FOUND
- Source citation: Work cat.: (OSt)888007: रीता, ले. 159534, स्त्री-पुरुष संबंधों की दृष्टि से मोहन राकेश और मन्नू भण्डारी के कथा-साहित्य का तुलनात्मक अध्ययन।, 2016
